Statistics for Formula 1 Team Quiz - Aston Martin

Click here to take the quiz!

General Stats

  • This quiz has been taken 35 times
  • The average score is 5 of 7

Answer Stats

HintAnswer% Correct
Number of CWC0
94%
Best Result2nd
94%
Best Grid Position2nd
94%
Nation FoundedUnited Kingdom
88%
First Year Raced1959
64%
FounderLionel Martin
18%
First Grand PrixNetherlands
6%

Score Distribution

Percentile by Number Answered

Percent of People with Each Score

Your Score History

You have not taken this quiz